| 000 | 00553nam a2200205Ia 4500 | ||
|---|---|---|---|
| 003 | GCL | ||
| 008 | 140319s9999 xx 000 0 eng d | ||
| 040 |
_aGCL / _cGCL |
||
| 082 | 0 | 4 |
_a306.347 _bS S |
| 100 | 1 | _aSALECL, RANATA | |
| 245 | 1 | 0 |
_aTHE SPOILS OF FREEDOM: PSYCHOANALYSIS AND FEMINISM AFTER THE FALL OF SOCIALISM / _cSALECL, RANATA |
| 260 |
_a[S.N] : _bROUTLEDGE ، _c1994 |
||
| 300 | _a167 P | ||
| 490 |
_aFEMINISM FOR TODAY _v0 |
||
| 650 | 0 | 4 | _aSOCIOLOGY |
| 650 | 0 | 4 | _aWOMEN |
| 650 | 0 | 4 | _aFEMINISM |
| 650 | 0 | 4 | _aFREEDOM |
| 942 |
_2ddc _cBK |
||
| 999 |
_c21401 _d21401 |
||